000 002940000a22001330004500
003 MACL
040 _aMACL
090 _c38041
_d38039
100 _aMorley, John Viscount
245 _aRecollections
_bVOL 1
260 _bMacmillan & Co Ltd
_c1918
650 _aBiography
942 _cBOOK
_k920/MOR
999 _c37635
_d37635